000 01075nam a2200289 i 4500
001 77802
003 ES-MaACL
005 20250825144954.0
007 t|
008 041110s2002 sp ||||1| spa d
020 _a84-88474-85-7
080 _a75 Braque, Georges (083.824)
100 1 _aBraque, Georges.
_931380
245 1 0 _aBraque
_b: del 5 de febrero al 19 de mayo de 2002, [Museo Thyssen-Bornemisza] /
_cexposición a cargo de Tomás LLorens, Isabelle Monod-Fontaine, Jean-Louis Prat.
260 _aMadrid :
_bFundación Thyssen-Bornemisza,
_c[2002]
300 _a196 p. :
_bprincipalmente il. col. y n. ;
_c28 cm.
500 _aEn la port.: Banco Urquijo.
600 1 4 _aBraque, Georges-
_vExposiciones.
_931381
655 7 _2tgfbne
_9193628
_aCatálogos de exposiciones
700 1 _aLlorens, Tomás,
_d1936-
_972895
700 1 _aMonod-Fontaine, Isabelle.
_982261
700 1 _aPrat, Jean-Louis.
_993664
710 2 _aMuseo Nacional Thyssen-Bornemisza
_95926
852 _aES-MaACL
_jL-28414
_bR.134518
942 _2udc
999 _c77802
_d77802